Algebra : a modern introduction /

Guardado en:
Autor Principal: Kelley, John L.
Formato: Libro
Idioma:English
Publicado: Princeton, N.J. : D. Van Nostrand, c1965.
Series:The University series in undergraduate mathematics
Materias:
Etiquetas: Agregar Etiqueta
Sin Etiquetas, Sea el primero en etiquetar este registro!
LEADER 00656nam a22001815a 4500
001 MAT.inmabb005077
008 840913s1965####njua##########001#0#eng##
005 20180502180537.0
245 1 0 |a Algebra :  |b a modern introduction /  |c by John L. Kelley ; with the assistance of Roy Dubisch, Scott Taylor and Jamesine Friend. 
260 |a Princeton, N.J. :  |b D. Van Nostrand,  |c c1965. 
300 |a viii, 335 p. :  |b il. ;  |c 24 cm. 
440 4 |a The University series in undergraduate mathematics 
100 1 |a Kelley, John L. 
650 0 |a Algebra. 
084 |a 00A05  |2 msc2000 
010 |a  65003870  
040 |a DLC/ICU  |c ICU  |d DLC 
859 |h 00A05A  |i K29  |p A-2559  |b BIB. MATEMATICA